000 00759nam a2200217Ii 4500
003 JO-AjNU
008 230605s9999||||xx |||||||||||||| ||und||
017 _a2012/8890
020 _a978-977-438-294-0
040 _aJO-AjNU
_bara
_erda
_cJO-AjNU
041 _aara
050 1 4 _aK3611.2013
100 3 _a علي، عبد الحليم محمد منصور ,
_eauthor
_943868
245 0 0 _aالقتل بدافع الشفقة في الفقة الإسلامي والقانون الوضعي " دراسة مقارنة "
250 _aط1
264 3 1 _aالاسكندرية : المكتب الجامعي الحديث ، 2013
300 _a264ص
336 _atext
_btxt
_2rdacontent
337 _aunmediated
_bn
_2rdamedia
338 _avolume
_bnc
_2rdacarrier
999 _aA18893
_c22461
_d22461